000 00507cam a2200205ua 4500
001 7827
005 20260515114247.0
008 141224n ii |||gr||||Z||||||ben
040 _cMAIN
041 _aben
082 _a891.44
100 _aTagore, R.,
_eAuthor.
245 1 _aSahityer pathe
_cBy Rabindranath Tagore
250 _a1st.
260 _aKolkatta:
_bBiswabharati,
_c1961.
300 _a291o.
653 _aEast Indo-European & Celtic literatures
653 _aBengali literature
942 _cBK
999 _c6942
_d6942